| 000 | 00911nam a2200229 a 4500 | ||
|---|---|---|---|
| 001 | 000042280 | ||
| 005 | 20201002040042.0 | ||
| 008 | 131122s1994 sp r 000 0 spa d | ||
| 040 |
_aDO-SdBNP _bspa _cBNPHU |
||
| 082 |
_axxxx _bxxxx |
||
| 100 | 1 |
_aAl-Tulaytuli, Ahmad b. Mugit _969318 |
|
| 245 | 1 | 0 |
_aAl-Muqni'fi 'ilm al-surut : _bformulario notarial / _cAhmad b. Mugit al-Tulaytuli ; introducción y edición crítica Francisco Javier Aguirre Sábada. |
| 260 |
_aMadrid : _bConsejo Superior de Investigaciones Científicas, _c1994. |
||
| 300 |
_a57, 421 p. ; _c24 cm. |
||
| 490 | 1 |
_aFuentes arábico-hispanas _v5 |
|
| 500 | _aIncluye índices | ||
| 504 | _aBibliografía | ||
| 590 | _aInventariado, 2019/BT | ||
| 700 | 1 | 2 |
_aAguirre Sábada, Francisco Javier, _eed., intr. _969319 |
| 710 | 2 |
_aConsejo Superior de Investigaciones Científicas (España) _915178 |
|
| 830 | 0 |
_aFuentes arábico-hispanas _n5 _969320 |
|
| 999 |
_c41769 _d41769 |
||